000 00759nam a22002297a 4500
001 55064
003 BD-RjUL
005 20211209080217.0
008 161114s1981 cau||||| |||| 00| 0 eng d
020 _a0804710333
035 _a(BD-RjUL)55186
040 _aBD-RjUL
_beng
_cBD-RjUL
041 _aeng
082 _223
_a822.33
_bPRS 1981
100 1 _a Prosser, Eleanor
_9164144
245 1 0 _aShakespeare's anonymous editors :
_bscribe and compositor in the Folio text of 2 Henry IV /
_cEleanor Prosser
260 _aStanford, Califonia :
_bStanford University Press,
_c1981.
300 _a219 p. :
_bill, ;
_c22 cm.
600 _aShakespeare, William,
_c1564-1616.
_d King Henry IV -
_qCriticism,
_9164270
650 _aTextual.
_9159971
942 _2ddc
_cBK
999 _c55064
_d55064